000 00846nam a22002777a 4500
001 BR8402870
003 BR-BrBNA
005 20230928091932.0
007 ta
008 230509b bl.||||| |||| 00| 0 por d
040 _aBR-BrBNA
_bpor
_cBiblioteca Nacional de Agricultura
041 _a(Por)
072 _aU10
090 _ U10 BR8402870
100 1 _aParente, R.C.P.
110 1 _aEscola Superior de Agricultura Luiz de Queiroz, Piracicaba, SP (Brasil)
_0Tese (Mestre em Agronomia)
245 1 _aAspectos da analise de residuos [matematica, estatistica agricola]
260 3 _aPiracicaba, SP (Brasil):
_c1984.
300 _a155 p.
500 _a12 tables; 32 ref.; Summaries (Eng, Por)
650 _aMODELO MATEMATICO
650 _aESTATISTICA AGRICOLA
650 _aDADO
909 _a202309
_bLucia
_c55
_dLucia Elande
942 _cBK
999 _c36281
_d36281